| 000 | 00757nam a2200181Ia 4500 | ||
|---|---|---|---|
| 008 | 151202s9999||||xx |||||||||||||| ||und|| | ||
| 082 | _bPNVM-36109 | ||
| 100 | _aआपटे वा. शि. | ||
| 245 | _aसंपूर्ण शेक्सपीअर झुंझारराव :अथेल्लो. | ||
| 260 | _bसरीता प्रकाशन पुणे. | ||
| 260 | _c1986 | ||
| 300 | _a92 | ||
| 600 | _aआपटे वा. शि. | ||
| 630 | _aसंपूर्ण शेक्सपीअर झुंझारराव :अथेल्लो. | ||
| 700 | _aआपटे वा. शि. | ||
| 730 | _aसंपूर्ण शेक्सपीअर झुंझारराव :अथेल्लो. | ||
| 942 | _cBOOK | ||
| 999 |
_c1302061 _d1302058 |
||